|
003 -Nazwa inst., której nr kontr. jest w polu 001 [,]
|
-
- @
- Nazwa instytucji, której n kontrolny jest w polu 001
- NUKAT
|
|
005 -DATA I CZAS OSTATNIEJ MODYFIKACJI [,]
|
-
- @
- pole kontrolne
- 20241231090359.0
|
|
020 -Międzynarod. znormalizowany nr książki - ISBN [ , ]
|
-
- a
- Numer ISBN
- 9788380859470
|
|
040 -Instytucja sporządzająca opis [ , ]
|
-
- a
- Instytucja, która sporządziła opis (NP)
- OLSZT 003/DS
-
- b
- Język katalogowania
- pol
-
- e
- Zasady katalogowania
- rda
-
- c
- Instytucja, która sporządziła rekord (NP)
- OLSZT 003/DSs
-
- d
- Instytucja, która zmodyfikowała rekord (P)
- OLSZT 003/ISO
-
- d
- Instytucja, która zmodyfikowała rekord (P)
- WR O/GW
-
- d
- Instytucja, która zmodyfikowała rekord (P)
- WA 14/MBs
|
|
942 -Rodzaj dokumentu [ , ]
|
-
- c
- Rodzaj dokumentu
- Książka
|
|
245 -Strefa tytułu i oznaczenia odpowiedzialności [0,0]
|
-
- a
- Tytuł
- Współczesne bezpieczeństwo Polski :
-
- b
- Ciąg dalszy tytułu (NP)
- międzynarodowy wymiar instytucjonalny /
-
- c
- Pozostałe elementy strefy tytułu i oznaczenia odpowiedzialności (NP)
- redakcja naukowa Artur Wejkszner, Sebastian Wojciechowski ; Mirosław Banasik, Łukasz Donaj, Ireneusz Jaźwiński, Maciej Magiera, Beata Przybylska-Maszner, Artur Pohl, Mirosław Skarżyński, Paula Tomaszewska, Artur Wejkszner, Sebastian Wojciechowski.
|
|
250 -Strefa wydania [ , ]
|
-
- a
- Oznaczenie wydania (NP)
- Wydanie pierwsze.
|
|
260 -Strefa adresu wydawniczego [ , ]
|
-
- a
- Miejsce wydania (P)
- Warszawa :
-
- b
- Nazwa wydawcy (P)
- Difin,
-
|
|
650 -Hasło przedmiotowe [ ,7]
|
-
- a
- Hasło przedmiotowe
- Bezpieczeństwo narodowe
-
- z
- Określnik geograficzny
- Polska
-
- y
- Określnik chronologiczny
- 1990-.
-
-
|
|
650 -Hasło przedmiotowe [ ,7]
|
-
- a
- Hasło przedmiotowe
- Bezpieczeństwo międzynarodowe
-
- y
- Określnik chronologiczny
- 1990-.
-
-
|
|
650 -Hasło przedmiotowe [ ,7]
|
-
- a
- Hasło przedmiotowe
- Bezpieczeństwo narodowe
-
-
|
|
650 -Hasło przedmiotowe [ ,7]
|
-
- a
- Hasło przedmiotowe
- Bezpieczeństwo międzynarodowe
-
-
|
|
651 -Hasło przedmiotowe w formie nazwy geograficznej [ ,7]
|
-
- a
- Nazwa geograficzna
- Polska
-
-
|
|
655 -Hasło w funkcji tematu formalnego [ ,7]
|
-
-
-
|
|
658 -Ujęcie treści [ , ]
|
-
- a
- dziedzina nauki i sztuki/ sfera aktywności życiowej
- Bezpieczeństwo i wojskowość
|
|
700 -Hasło dodatkowe - nazwa osobowa [1, ]
|
-
- a
- Nazwa osobowa (NP)
- Wejkszner, Artur
-
- d
- Daty biograficzne (NP)
- (1971- ).
-
- e
- Określenie rodzaju współpracy
- Autor
-
- e
- Określenie rodzaju współpracy
- Redakcja
-
|
|
700 -Hasło dodatkowe - nazwa osobowa [1, ]
|
-
- a
- Nazwa osobowa (NP)
- Wojciechowski, Sebastian
-
- d
- Daty biograficzne (NP)
- (1972- ).
-
- e
- Określenie rodzaju współpracy
- Autor
-
- e
- Określenie rodzaju współpracy
- Redakcja
-
|
|
700 -Hasło dodatkowe - nazwa osobowa [1, ]
|
-
- a
- Nazwa osobowa (NP)
- Banasik, Mirosław.
-
- e
- Określenie rodzaju współpracy
- Autor
-
|
|
700 -Hasło dodatkowe - nazwa osobowa [1, ]
|
-
- a
- Nazwa osobowa (NP)
- Donaj, Łukasz.
-
- e
- Określenie rodzaju współpracy
- Autor
-
|
|
700 -Hasło dodatkowe - nazwa osobowa [1, ]
|
-
- a
- Nazwa osobowa (NP)
- Jaźwiński, Ireneusz.
-
- e
- Określenie rodzaju współpracy
- Autor
-
|
|
700 -Hasło dodatkowe - nazwa osobowa [1, ]
|
-
- a
- Nazwa osobowa (NP)
- Magiera, Maciej.
-
- e
- Określenie rodzaju współpracy
- Autor
-
|
|
700 -Hasło dodatkowe - nazwa osobowa [1, ]
|
-
- a
- Nazwa osobowa (NP)
- Przybylska, Beata
-
- c
- Dopowiedzenie inne niż daty biograficzne (NP)
- (europeistyka).
-
- e
- Określenie rodzaju współpracy
- Autor
-
|
|
700 -Hasło dodatkowe - nazwa osobowa [1, ]
|
-
- a
- Nazwa osobowa (NP)
- Pohl, Artur
-
- c
- Dopowiedzenie inne niż daty biograficzne (NP)
- (stosunki międzynarodowe).
-
- e
- Określenie rodzaju współpracy
- Autor
-
|
|
700 -Hasło dodatkowe - nazwa osobowa [1, ]
|
-
- a
- Nazwa osobowa (NP)
- Skarżyński, Mirosław
-
- d
- Daty biograficzne (NP)
- (1962- ).
-
- e
- Określenie rodzaju współpracy
- Autor
-
|
|
700 -Hasło dodatkowe - nazwa osobowa [1, ]
|
-
- a
- Nazwa osobowa (NP)
- Tomaszewska, Paulina
-
- c
- Dopowiedzenie inne niż daty biograficzne (NP)
- (europeistyka).
-
- e
- Określenie rodzaju współpracy
- Autor
-
|
|
710 -Hasło dodatkowe - nazwa ciała zbiorowego [2, ]
|
-
- a
- Nazwa ciała zbiorowego lub nazwa geograficzna jako pierwszy element (NP)
- Difin.
-
- e
- Rodzaj współpracy
- Wydawca
-
-
|